Around the World in Eighty Questions - Statistics

General Stats
  • This quiz has been taken 1,014 times
    951 since last reset
  • The average score is 50 of 80
Answer Stats
Questions Answer % Correct
7. The island Honshu is a part of which country? Japan
95%
1. How many states or territories are there in Australia? 8
93%
9. The world's longest railway can be found in _______ Russia
91%
33. What currency was used in France prior to 2002? The French Franc
90%
15. Where would you find the tallest building in the world? Dubai, UAE
89%
13. The capital of Afghanistan is ________ Kabul
86%
40. What language is spoken in Guinea? French
85%
6. What is the most widely spoken language in Taiwan? Mandarin
85%
79. 4th largest country in the world base on land area: USA
85%
5. Which country borders the one above as well as the South China Sea? Vietnam
85%
14. In Iran they speak ______ Farsi
83%
26. George Ezra sang about this lovely Hungarian city: Budapest
82%
32. In which country might you greet someone by saying "Dia dhuit?" Ireland (and the UK)
82%
37. Moroccan city which is also a movie title: Casablanca
81%
52. Africa's highest point, Kilimanjaro, lies in which country? Tanzania
80%
70.Which country is the only English speaking nation in South America? Guyana
79%
16. Golda Meir was the 3rd woman in history to serve as a prime minster. Which country did she serve? Israel
79%
68. What is Ecuador named after? The Equator
78%
59. The southern most land-locked country in the world: Lesotho
77%
69. ________ is the smallest country in South America Suriname
77%
2. What is the capital of Papua New Guinea? Port Moresby
76%
51. Which country is the second-largest in Africa based on land area? Democratic Republic of the Congo
74%
3. In which language is Singapore's national anthem sung? Malay
74%
71. What accounts for 80% of Venezuela's exports? Petroleum
74%
63. Portugal claimed this country's land in the year 1500 Brazil
73%
39. Which west-African country is completely surrounded by another, except for its coastline? Gambia
73%
19. Where is Όχι (Ohi) Day celebrated? Greece (and Cyprus)
73%
11. Kazakhstan is home to which famous fictitious character? Borat
72%
4. Which Asian country is named the "most bombed country?" Laos
72%
36. What's the name of the mountain range separating Spain and France? The Pyrenees Mountain Range
72%
12. In which Indian city would you find the Taj Mahal? Agra
71%
48. What is the capital of Somalia? Mogadishu
70%
8. Only 4 000 - 5 000 tourists visit this country each year North Korea
70%
61. What language is spoken in São Tomé and Príncipe? Portuguese
70%
67. Peru is the world's second largest producer of which drug? Cocaine
69%
56. Zambia is home to which waterfall? Victoria Falls
69%
73. Which Caribbean nation is Roseau the capital of? Dominica
68%
57. Which desert covers 80% of Botswana? Kalahari
68%
29. The residents of this country are known as the "Sammarinese" San Marino
68%
65. The name Argentina comes from the latin word for ________ Silver
68%
10. What kind of leopard is native to Mongolia? Snow leopard
68%
17. This west Asian (Eurasian) nation became a F1 Grand Prix host in 2017 Azerbaijan
67%
22. What is the native name of Finland's language? Suomi
66%
80. The longest street can be found in this country: Canada
65%
74. Which country is the most mountainous of the Caribbean? Haiti
65%
46. Chad is the largest _____-_____ country in Africa: Land-locked
65%
18. In which city can the Sultan Ahmed Mosque (Blue Mosque) be found? Istanbul
64%
34. Which language is Maltese closely related to? Arabic
63%
58. Which country is the last "absolute" monarchy left in Africa? Eswatini
62%
24. Which city is the second-biggest in Sweden? Göteborg
62%
35. What is the national language of Andorra? Catalan
60%
45. The ancient civilizations of this nation worshipped over 1400 Gods and Goddesses: Egypt
60%
30. The oldest amusement park still in operation is in this country: Denmark
59%
44. Which African country is famous for being a Star Wars filming destination? Tunisia
59%
31. What is the national language of Luxembourg? Luxembourgish
55%
64. In this country, cows outnumber people 3 to 1 Uruguay
55%
75. In 1988, Jamaica was the first tropical country to send what kind of team to the Winter Olympics? Bobsledding team
54%
53. Where is Moroni the capital? Comoros
54%
76. What is the national sport of Nicaragua? Baseball
53%
38. Which country is divided into the Barlavento and Sotavento islands? Cape Verde
49%
77. The most densely populated country in the Americas: El Salvador
49%
55. A fifth of Malawi is .......what? Water
48%
41. In what year did Côte d’Ivoire gain its independence from France? 1960
46%
20.Which country is the only one in Europe to not have changed its name since being established? Bulgaria
44%
54. Madagascar is the biggest producer of what spice? (Hint: It's sweet) Vanilla
43%
25. What currency is used in the Czech Republic? Czech koruna
40%
23. By the end of the 14th century, _________ was the largest country in Europe Lithuania
39%
21. Which country's wine is banned in Russia? Moldova
39%
49. What currency is used in Kenya? Shilling
39%
62. Sierra Leone is home to how many different ethnic groups? 16
36%
42. Burkina Faso's main export is what? Gold
36%
27. Country nicknamed "The Heart-Shaped Land" Bosnia and Herzegovina
34%
60. Oil and ________ are the primary sources of income for Angola Diamonds
34%
43. ‘L’Aube Nouvelle’ is the national anthem of which nation? Benin
33%
28. Which European capital translates to "The loved one" in the country's native language? Ljubljana
30%
78. What is the national symbol of Mexico? Golden Eagle
28%
50. What animal is depicted on Uganda's flag? A Grey-Crowned Crane
26%
47. Eritrea has over 350 ______. Islands
22%
66. What animal do people in Bolivia dress up as while helping children across roads? Zebra
20%
72. What is Grenada's nickname? The Spice Island
15%
No matching quizzes found
Score Distribution
Percent of People with Each Score
Percentile by Number Answered
Your Score History
You have not taken this quiz since the last reset